00345nam a2200133Ia 45000030006000000080041000060400015000471000025000622450042000872600047001293000006001765460012001820050017001940STCL150530s9999 xx 000 0 und d aSTCLcSTCL aSusheela Subrahmanya aSouthern Economist Vol.46 Nov. 1 2007 bSouthern Economi; Banglorec2007aBanglore a0 aEnglish20220125165428.0